[Event "Pan American-ch U2300"]
[Site "Carilo Village"]
[Date "2016.10.28"]
[Round "6"]
[White "Nejanky, Maisa"]
[Black "Dominguez, Diego"]
[Result "1-0"]
[WhiteElo "2073"]
[BlackElo "1998"]
[PlyCount "59"]
[EventDate "2016.10.25"]
[EventType "swiss"]
[EventRounds "9"]
[EventCountry "ARG"]
[SourceTitle "EXT 2022"]
[Source "ChessBase"]
[SourceDate "2021.10.06"]
[SourceVersion "1"]
[SourceVersionDate "2021.10.06"]
[SourceQuality "1"]

1. e4 e6 2. d4 d5 3. Nc3 Bb4 4. e5 b6 5. Qg4 Bf8 6. h4 Qd7 7. h5 f5 8. Qf3 Nc6 9. Be3 Bb7 10. 0-0-0 0-0-0 11. Bb5 a6 12. Bxc6 Qxc6 13. Kb1 Kb8 14. Nce2 Ne7 15. h6 g6 16. Bg5 Re8 17. Nh3 Nc8 18. Bf6 Rg8 19. Ng5 Qd7 20. Nf4 b5 21. g4 Nb6 22. gxf5 gxf5 23. Qh5 c5 24. Nxh7 cxd4 25. Nxf8 Rgxf8 26. h7 d3 27. cxd3 d4 28. Rhg1 Nd5 29. Nxd5 Bxd5 30. h8Q 1-0

[Event "Buenos Aires Bolivar op 4th"]
[Site "Buenos Aires"]
[Date "2011.06.23"]
[Round "9"]
[White "Lopez, Fernando1111"]
[Black "Dominguez, Diego"]
[Result "1-0"]
[WhiteElo "1749"]
[BlackElo "2019"]
[PlyCount "90"]
[EventDate "2011.06.13"]
[EventType "swiss"]
[EventRounds "9"]
[EventCountry "ARG"]
[SourceTitle "EXT 2014"]
[Source "ChessBase"]
[SourceDate "2013.11.20"]
[SourceVersion "1"]
[SourceVersionDate "2013.11.20"]
[SourceQuality "1"]

1. c4 e5 2. g3 Nf6 3. Bg2 Nc6 4. Nc3 Bc5 5. d3 0-0 6. Rb1 d6 7. Nf3 a6 8. 0-0 h6 9. a3 Ba7 10. b4 Nd4 11. Nxd4 Bxd4 12. Nd5 c6 13. e3 Ba7 14. Nxf6+ Qxf6 15. h3 Qg6 16. Kh2 Be6 17. e4 f5 18. f4 Rad8 19. Qe2 Bc8 20. Be3 Bb8 21. b5 axb5 22. cxb5 cxb5 23. Rxb5 Qe8 24. Rfb1 d5 25. Bb6 exf4 26. Bxd8 fxg3+ 27. Kh1 Qxd8 28. Rxd5 Qe7 29. e5 f4 30. d4 Be6 31. Rc5 Qh4 32. Bf3 Bxh3 33. Kg1 Be6 34. Rxb7 Rd8 35. Rcb5 Bxe5 36. Rxe5 Rxd4 37. Rh5 Qf6 38. Rb6 Kf7 39. Rb7+ Kg6 40. Rb1 Rd6 41. Rd1 Rb6 42. Rb5 Ra6 43. Bh5+ Kh7 44. Qd3+ Kh8 45. Rb8+ Bg8 1-0

[Event "Buenos Aires Bolivar op 4th"]
[Site "Buenos Aires"]
[Date "2011.06.20"]
[Round "6"]
[White "Dominguez, Diego"]
[Black "Airando, Martin"]
[Result "1/2-1/2"]
[WhiteElo "2019"]
[BlackElo "2213"]
[PlyCount "42"]
[EventDate "2011.06.13"]
[EventType "swiss"]
[EventRounds "9"]
[EventCountry "ARG"]
[SourceTitle "EXT 2014"]
[Source "ChessBase"]
[SourceDate "2013.11.20"]
[SourceVersion "1"]
[SourceVersionDate "2013.11.20"]
[SourceQuality "1"]

1. e4 e6 2. d4 d5 3. exd5 exd5 4. Nf3 Nc6 5. c3 Bd6 6. Bd3 Nge7 7. Bg5 Bg4 8. b4 f6 9. Bh4 Nf5 10. Bg3 Qe7+ 11. Qe2 Qxe2+ 12. Bxe2 h5 13. Nbd2 h4 14. Bxd6 Nxd6 15. Bd3 g5 16. h3 Bd7 17. Nf1 Ne4 18. Bxe4 dxe4 19. N3d2 0-0-0 20. 0-0-0 Rhe8 21. Ne3 f5 1/2-1/2

[Event "Buenos Aires Bolivar op 4th"]
[Site "Buenos Aires"]
[Date "2011.06.13"]
[Round "1"]
[White "Rodriguez Vila, Andres"]
[Black "Dominguez, Diego"]
[Result "1-0"]
[WhiteElo "2527"]
[BlackElo "2019"]
[PlyCount "67"]
[EventDate "2011.06.13"]
[EventType "swiss"]
[EventRounds "9"]
[EventCountry "ARG"]
[SourceTitle "EXT 2014"]
[Source "ChessBase"]
[SourceDate "2013.11.20"]
[SourceVersion "1"]
[SourceVersionDate "2013.11.20"]
[SourceQuality "1"]

1. e4 e6 2. d4 d5 3. e5 c5 4. c3 Nc6 5. Nf3 Qb6 6. Bd3 cxd4 7. cxd4 Nh6 8. Nc3 Bb4 9. 0-0 Nf5 10. Bxf5 Bxc3 11. Bxe6 Bxe6 12. bxc3 Na5 13. Ba3 Nc4 14. Bc5 Qc6 15. Nd2 Nxe5 16. f4 Nd7 17. Ba3 g6 18. Nb3 Rc8 19. Re1 Qa6 20. Bb4 h5 21. f5 gxf5 22. Qf3 Kd8 23. Qg3 Rc6 24. Na5 Kc8 25. Nxc6 Qxc6 26. a4 Nb6 27. a5 Nc4 28. Qg7 Qe8 29. a6 Qg8 30. axb7+ Kxb7 31. Qf6 Qd8 32. Rxe6 fxe6 33. Qf7+ Kc8 34. Rxa7 1-0

[Event "Mar del Plata op 42nd"]
[Site "Mar del Plata"]
[Date "2011.04.17"]
[Round "3"]
[White "Mussanti, Diego"]
[Black "Dominguez, Diego"]
[Result "1-0"]
[WhiteElo "2306"]
[BlackElo "2015"]
[PlyCount "207"]
[EventDate "2011.04.16"]
[EventType "swiss"]
[EventRounds "9"]
[EventCountry "ARG"]
[SourceTitle "EXT 2012"]
[Source "ChessBase"]
[SourceDate "2011.11.24"]
[SourceVersion "1"]
[SourceVersionDate "2011.11.24"]
[SourceQuality "1"]

1. e4 e6 2. d4 d5 3. Nc3 Bb4 4. e5 b6 5. Qg4 Bf8 6. Bg5 Qd7 7. f4 Ba6 8. Nf3 Bxf1 9. Rxf1 Nc6 10. 0-0-0 h6 11. Qh3 Nge7 12. Bxe7 Nxe7 13. g4 g6 14. Qg3 0-0-0 15. Nh4 Rg8 16. Qf2 Kb7 17. f5 gxf5 18. gxf5 h5 19. f6 Bh6+ 20. Kb1 Nc6 21. Rg1 Rdf8 22. Ne2 Qe8 23. Ng3 Rg5 24. Nf3 Rg6 25. Nxh5 Rfg8 26. Ng3 Na5 27. b3 Qb5 28. c3 Nc4 29. Qf1 Na3+ 30. Kb2 Nc4+ 31. Ka1 Qa5 32. Qd3 Ne3 33. Rde1 Ng4 34. Kb2 Nf2 35. Qc2 Nh3 36. Rgf1 Qb5 37. a4 Qa6 38. Qe2 Qa5 39. Qb5 Qa6 40. c4 Nf4 41. Kc3 c6 42. Qxa6+ Kxa6 43. Ne2 Ng2 44. Ra1 Kb7 45. Kd3 a5 46. Rab1 Kc7 47. cxd5 cxd5 48. Rf2 Kb7 49. b4 axb4 50. Rxb4 Ra8 51. Nc3 Ne3 52. Rfb2 Nc4 53. Rxc4 dxc4+ 54. Kxc4 Rgg8 55. Ne4 Rxa4+ 56. Kb3 Rga8 57. Nd6+ Kc6 58. Rc2+ Kd5 59. Nb5 Ke4 60. Nc3+ Kxf3 61. Nxa4 Ke4 62. Rc4 Bd2 63. Rc7 Kxd4 64. Rd7+ Kxe5 65. Rxd2 Kxf6 66. Kb4 e5 67. Nxb6 Re8 68. Kc5 Kg5 69. Rg2+ Kh4 70. Rf2 Kh3 71. Nc4 f5 72. Nd6 Rg8 73. Nxf5 Rd8 74. Nd6 Rg8 75. Kd5 Rg1 76. Ne4 Rh1 77. Ng5+ Kh4 78. Nf3+ Kh3 79. Kxe5 Ra1 80. Ke4 Ra4+ 81. Nd4 Ra1 82. Rd2 Ra4 83. Kf4 Ra3 84. Nf3 Ra4+ 85. Ke3 Ra3+ 86. Kf2 Ra8 87. Re2 Rg8 88. Re7 Rg2+ 89. Ke3 Ra2 90. Rh7+ Kg4 91. h3+ Kf5 92. Rh5+ Kg6 93. Rb5 Kh6 94. Rd5 Kg6 95. Kf4 Ra4+ 96. Rd4 Ra3 97. Kg4 Ra6 98. h4 Kh6 99. Ng5 Ra1 100. Rd6+ Kg7 101. Rd7+ Kf6 102. Rf7+ Ke5 103. h5 Rg1+ 104. Kh4 1-0

[Event "Mar del Plata op 40th"]
[Site "Mar del Plata"]
[Date "2009.04.05"]
[Round "2"]
[White "Alpern, Adrian"]
[Black "Dominguez, Diego"]
[Result "0-1"]
[WhiteElo "2179"]
[BlackElo "1992"]
[PlyCount "72"]
[EventDate "2009.04.05"]
[EventType "swiss"]
[EventRounds "9"]
[EventCountry "ARG"]
[SourceTitle "CBM 129 Extra"]
[Source "ChessBase"]
[SourceDate "2009.05.05"]
[SourceVersion "2"]
[SourceVersionDate "2009.05.20"]
[SourceQuality "1"]

1. e4 e6 2. d4 d5 3. e5 c5 4. c3 Qb6 5. Nf3 Bd7 6. Bd3 cxd4 7. cxd4 Bb5 8. Nc3 Bxd3 9. Qxd3 Bb4 10. 0-0 Bxc3 11. bxc3 Qa6 12. Qxa6 Nxa6 13. Rb1 b6 14. Ba3 Ne7 15. Rfc1 Rc8 16. Kf1 f6 17. Nd2 fxe5 18. dxe5 Nc5 19. c4 d4 20. Nf3 Ne4 21. Rb3 Nc6 22. Re1 Nc5 23. Rb5 Nd7 24. Bd6 h5 25. Rd1 Kf7 26. Nxd4 a6 27. Rb3 Ncxe5 28. Bxe5 Nxe5 29. Rxb6 Rhd8 30. Re1 Rxd4 31. Rxe5 Rdxc4 32. Rxa6 Rc1+ 33. Re1 R1c6 34. Rxc6 Rxc6 35. a4 Ke7 36. Re4 Kd6 0-1

[Event "Villa Ballester de Invierno op 4th"]
[Site "Villa Ballester"]
[Date "2004.08.16"]
[Round "3"]
[White "Del Cuadro, Nestor"]
[Black "Dominguez, Diego"]
[Result "1-0"]
[WhiteElo "2186"]
[BlackElo "1868"]
[PlyCount "155"]
[EventDate "2004.08.13"]
[EventType "swiss"]
[EventRounds "7"]
[EventCountry "ARG"]
[SourceTitle "CBM 101 Extra"]
[Source "ChessBase"]
[SourceDate "2004.09.01"]
[SourceVersion "2"]
[SourceVersionDate "2004.09.01"]
[SourceQuality "1"]

1. Nf3 f5 2. d4 Nf6 3. g3 e6 4. Bg2 d5 5. 0-0 Bd6 6. c4 c6 7. b3 Qe7 8. Bb2 b6 9. Nbd2 Bb7 10. Qc2 Ne4 11. Ne5 Nxd2 12. Qxd2 0-0 13. Rac1 Bxe5 14. dxe5 Na6 15. Rfd1 Rac8 16. f4 Rfd8 17. c5 bxc5 18. Qa5 Qc7 19. Qxc7 Rxc7 20. Ba3 h6 21. Bxc5 Nxc5 22. Rxc5 Ba6 23. Kf2 Rb8 24. Rdc1 Rb6 25. Bf3 Kf7 26. g4 g6 27. gxf5 gxf5 28. Rg1 Bc8 29. Bh5+ Kf8 30. Rg6 Rh7 31. Rc1 Rg7 32. Rcg1 Rxg6 33. Rxg6 c5 34. Rxh6 Rc6 35. Rg6 Ra6 36. Rh6 Kg7 37. Rg6+ Kh7 38. Rf6 Rxa2 39. Rf8 Ba6 40. Re8 c4 41. bxc4 dxc4 42. Rxe6 c3 43. Rc6 Ra4 44. Rxc3 Rxf4+ 45. Bf3 Bb5 46. Rc7+ Kg6 47. Rxa7 Rh4 48. Kg3 Rh8 49. h4 Bc4 50. h5+ Kh6 51. Rc7 Bb5 52. Rf7 Kg5 53. Rg7+ Kh6 54. Rg6+ Kh7 55. Kf4 Rf8 56. Kg5 Bd7 57. e6 Bc8 58. e7 Re8 59. Kf6 Bd7 60. Bd5 Rb8 61. Bf7 f4 62. Rg1 Rb6+ 63. Ke5 Rb7 64. e8Q Bxe8 65. Bxe8 Re7+ 66. Kxf4 Rxe8 67. e4 Kh6 68. e5 Rf8+ 69. Ke4 Kxh5 70. e6 Rf2 71. Ke5 Re2+ 72. Kf6 Rf2+ 73. Ke7 Re2 74. Kf7 Rf2+ 75. Ke8 Ra2 76. e7 Rd2 77. Rf1 Kg6 78. Kf8 1-0

[Event "Escobar op g75' 2nd"]
[Site "Escobar"]
[Date "2004.02.??"]
[Round "4.12"]
[White "Dominguez, Diego"]
[Black "Dickau, Daniel"]
[Result "1-0"]
[WhiteElo "2075"]
[BlackElo "2161"]
[PlyCount "95"]
[EventDate "2004.02.06"]
[EventType "swiss (rapid)"]
[EventRounds "7"]
[EventCountry "ARG"]
[SourceTitle "CBM 098 Extra"]
[Source "ChessBase"]
[SourceDate "2004.03.10"]
[SourceVersion "2"]
[SourceVersionDate "2004.03.10"]
[SourceQuality "1"]

1. e4 c6 2. d4 d5 3. Nc3 dxe4 4. Nxe4 Nf6 5. Nxf6+ gxf6 6. Bf4 Bf5 7. Nf3 e6 8. Bc4 Bd6 9. Bg3 Bg4 10. c3 Qc7 11. Qb3 b5 12. Be2 Nd7 13. a4 Rb8 14. axb5 Bxg3 15. hxg3 cxb5 16. Bxb5 0-0 17. Qc2 f5 18. Bxd7 Bxf3 19. gxf3 Qxd7 20. g4 Qb7 21. 0-0-0 Qxf3 22. gxf5 exf5 23. Qd3 Qxf2 24. Rd2 Qf4 25. Qh3 h6 26. Qxh6 Qxh6 27. Rxh6 Kg7 28. Ra6 Rh8 29. Rg2+ Kf8 30. Rf2 Rb5 31. Kc2 Rh5 32. c4 Rb6 33. Rxa7 Kg7 34. c5 Rb4 35. Kc3 Rb8 36. b4 Rh1 37. Rxf5 Rc1+ 38. Kd2 Rc4 39. Rfxf7+ Kg6 40. Rfb7 Rxd4+ 41. Kc3 Rbd8 42. c6 Rd3+ 43. Kc4 R8d4+ 44. Kc5 Re4 45. b5 Rc3+ 46. Kd5 Rec4 47. Rg7+ Kf6 48. Raf7# 1-0